• 首页
  • 本馆介绍
  • 公告通知
  • 最新文献
  • 馆藏检索
  • 电子资源
  • 读者导购
  • 参考咨询
  • 我的图书馆
  • 登录
  • 详细信息显示
  • 放入我的书架
  • 预约/预借图书
  • 作者相关作品
  • 分类相关作品
  • 丛书相关作品
  • 出版社相关作品

书目信息

  • 表格格式
  • 工作单格式
  • 卡片格式
题名:
咏梅斋号考略
    
 
作者: 王春亭, 著
分册:  
出版信息: 济南   齐鲁书社  2015
页数: 302页, [3] 页图版
开本: 24cm
丛书名:
单 册:
中图分类: S685.17 , S685
科图分类:
主题词: 梅--文化--中国
电子资源:
ISBN: 978-7-5333-3407-9
000 00978nam0 2200241 450
001 2375450013
005 20231211210036.10
010    @a978-7-5333-3407-9@dCNY98.00
100    @a20151204d2015 em y0chiy50 ea
101 0  @achi
102    @aCN@b370000
105    @aacfhz 000yy
200 1  @a咏梅斋号考略@Ayong mei zhai hao kao lve@f王春亭著
210    @a济南@c齐鲁书社@d2015
215    @a302页, [3] 页图版@c彩图, 肖像, 摹真@d24cm
314    @a王春亭, 男, 1954年生, 中学高级教师, 沂水县雪山梅园园主, 中国花卉协会梅花蜡梅分会理事。
330    @a本书是王春亭在《历代名人与梅》著作的基础上, 实地走访全国各个省市, 拍摄大量集学术价值与审美价值于一体的图片, 详细考据了咏梅斋号的起源、发展、文化意义、现状等方面, 对咏梅斋号进行了全地域、全时段的纵向与横向的考究, 是一部学术性游记与鉴赏著作。
606 0  @a梅@x文化@y中国
690    @aS685.17@v5
690    @aS685@v4
701  0 @a王春亭,@Awang chun ting@f1954-@4著
801  0 @aCN@b湖北三新@c20151204
905    @aZUCC@dS685@e141
    
    咏梅斋号考略/王春亭著.-济南:齐鲁书社,2015
    302页, [3] 页图版:彩图, 肖像, 摹真;24cm
    
    
    ISBN 978-7-5333-3407-9:CNY98.00
    本书是王春亭在《历代名人与梅》著作的基础上, 实地走访全国各个省市, 拍摄大量集学术价值与审美价值于一体的图片, 详细考据了咏梅斋号的起源、发展、文化意义、现状等方面, 对咏梅斋号进行了全地域、全时段的纵向与横向的考究, 是一部学术性游记与鉴赏著作。
●
相关链接 在五车中查询图书 在当当中查询图书 在豆瓣中查询图书


正题名:咏梅斋号考略     索取号:S685/141         预约/预借

序号 登录号 条形码 馆藏地/架位号 状态 备注
1 2001447419   2001447419   516书库/ [索取号:S685/141] 在馆    
2 2001447420   2001447420   516书库/ [索取号:S685/141] 在馆    
3 2001447421   2001447421   516书库/ [索取号:S685/141] 在馆    
4 2001447422   2001447422   516书库/ [索取号:S685/141] 在馆    
5 2001447423   2001447423   516书库/ [索取号:S685/141] 在馆    
6 2001447424   2001447424   516书库/ [索取号:S685/141] 在馆    
7 2001447425   2001447425   516书库/ [索取号:S685/141] 在馆    
8 2001447426   2001447426   516书库/ [索取号:S685/141] 在馆    
9 2001447427   2001447427   516书库/ [索取号:S685/141] 在馆    
10 2001447428   2001447428   516书库/ [索取号:S685/141] 在馆    
11 2001447429   2001447429   516书库/ [索取号:S685/141] 在馆    
12 2001447430   2001447430   516书库/ [索取号:S685/141] 在馆    
13 2001447431   2001447431   516书库/ [索取号:S685/141] 在馆    
14 2001447432   2001447432   516书库/ [索取号:S685/141] 在馆    
15 2001447433   2001447433   516书库/ [索取号:S685/141] 在馆    
16 2001447434   2001447434   516书库/ [索取号:S685/141] 在馆    
17 2001447435   2001447435   516书库/ [索取号:S685/141] 在馆    
18 2001447436   2001447436   516书库/ [索取号:S685/141] 在馆    
19 2001447437   2001447437   516书库/ [索取号:S685/141] 在馆    
20 2001447438   2001447438   516书库/ [索取号:S685/141] 在馆    
21 2001447439   2001447439   516书库/ [索取号:S685/141] 在馆    
22 2001447440   2001447440   516书库/ [索取号:S685/141] 在馆    
23 2001447441   2001447441   516书库/ [索取号:S685/141] 在馆    
24 2001447442   2001447442   516书库/ [索取号:S685/141] 在馆    
25 2001447443   2001447443   516书库/ [索取号:S685/141] 在馆    
26 2001447444   2001447444   516书库/ [索取号:S685/141] 在馆    
27 2001447445   2001447445   516书库/ [索取号:S685/141] 在馆    
28 2001447446   2001447446   516书库/ [索取号:S685/141] 在馆    
29 2001447447   2001447447   516书库/ [索取号:S685/141] 在馆    
30 2001447448   2001447448   516书库/ [索取号:S685/141] 在馆    
山东省滨州职业学院图书馆 欢迎您!
大连网信软件有限公司© 版权所有